Normal view
MARC view
- B.H. Bransden, C.J. Joachain
Entry Personal Name
001 - CONTROL NUMBER
- control field: 24031
003 - CONTROL NUMBER IDENTIFIER
- control field: NUST
005 - DATE AND TIME OF LATEST TRANSACTION
- control field: 20191015125926.0
008 - FIXED-LENGTH DATA ELEMENTS
- fixed length control field: 191015|| aca||aabn | a|a d
040 ## - CATALOGING SOURCE
- Original cataloging agency: NUST
- Transcribing agency: NUST
100 ## - HEADING--PERSONAL NAME
- Personal name: B.H. Bransden, C.J. Joachain
670 ## - SOURCE DATA FOUND
- Source citation: Work cat.: (NUST): B.H. Bransden, C.J. Joachain, Quantum Mechanics 2nd Edition
